Normal view
MARC view
Entry Personal Name
001 - CONTROL NUMBER
- control field: 2553
003 - CONTROL NUMBER IDENTIFIER
- control field: BD-RjUL
005 - DATE AND TIME OF LATEST TRANSACTION
- control field: 20220419105759.0
008 - FIXED-LENGTH DATA ELEMENTS
- fixed length control field: 220419|| aca||aabn | a|a d
040 ## - CATALOGING SOURCE
- Original cataloging agency: BD-RjUL
- Transcribing agency: BD-RjUL
100 ## - HEADING--PERSONAL NAME
- Personal name: شابشتي، علي بن محمد.[Shābushtī, ʿAlī ibn Muḥammad],
- Dates associated with a name: -998
670 ## - SOURCE DATA FOUND
- Source citation: Work cat.: (BD-RjUL)79723: شابشتي، علي بن محمد.[Shābushtī, ʿAlī ibn Muḥammad], -998., الديارات = Kitab al-Diyarat or the book of monasteries/, 1966.